[Event "EU-ch 1st"]
[Site "Saint Vincent"]
[Date "2000.07.11"]
[Round "8"]
[White "Smirin, Ilia"]
[Black "Mikhalevski, Victor"]
[Result "1-0"]
[WhiteElo "2677"]
[BlackElo "2532"]
[Annotator "Mikhalevski,V"]
[PlyCount "73"]
[EventDate "2000.07.03"]
[EventType "swiss"]
[EventRounds "11"]
[EventCountry "ITA"]
[SourceTitle "CBM 078"]
[Source "ChessBase"]
[SourceDate "2000.10.18"]
[SourceVersion "1"]
[SourceVersionDate "2000.10.18"]
[SourceQuality "1"]

1. c4 Nf6 2. Nf3 g6 3. Nc3 d5 4. Qa4+ Bd7 5. Qb3 dxc4 6. Qxc4 a6 7. e4 $5 {
Interesting Gelfand's novelty introduced earlier this year in an active chess
game against Peter Svidler(see below).In the previous games White tried 7.d4
and 7.g3.White's idea is to push e5,which is especially strong after Bg7 as
Black wouldn't be able to meet it with Be6 because of ef!At the same time the
e2 square is now available for the White's queen in case of b5.} (7. d4) (7. g3
) 7... Bc6 $6 {An attempt to deviate from the games Krasenkow-Mikhalevski,V,
played few days ago,and Gelfand-Svidler,Haifa 2000.The idea of the move is
quite clear:I want to meet e5 with Nd5,but a serious drawback is underlined by
White's reply.} (7... b5 8. Qe2 c5 (8... Nc6 $6 {Very risky.} 9. e5 Nb4 10.
exf6 Nc2+ 11. Kd1 Nxa1 12. b3 Bf5 $2 (12... Be6 $142 {[%cal Ga1b3]}) 13. Bb2
Nc2 14. g4 Bxg4 15. Kxc2 e6 16. Qxb5+ {1-0 Krasenkow,M-Mikhalevski,V/Saint
Vincent ITA 2000 (16)/CBM78[Mikhalevski,V]}) (8... b4 $5 9. e5 $1 bxc3 10. exf6
$13 {Tsesarsky-Kanstler,Israel 2000.}) 9. e5 Nh5 10. Ne4 Nc6 11. Nxc5 Bf5 12.
d3 e6 13. Ne4 Bb4+ 14. Bd2 Nf4 15. Qe3 Nd5 16. Qh6 Bf8 17. Nd6+ Qxd6 18. exd6
Bxh6 19. Bxh6 $14 {1-0 Gelfand,B-Svidler,P/Haifa ISR 2000 (55)}) 8. d3 $1 {
After this quiet move I understood that idea of a6-Bc6 is unfortunate.Black
can get a similar position with Bg7 played instead of a6.} Bg7 9. Be2 O-O 10.
h3 {[%csl Gg4]} (10. O-O $5) 10... b5 {Earlier or later I'll have to make this
move as there is no another counterplay.} 11. Qb3 (11. Qc5 $143 Nfd7 12. Qg5 e5
$13) 11... Nbd7 {[%cal Gd7c5]} 12. Be3 $1 {[%cal Ge4e5] Most solid.Now White
is threatening e5.} (12. e5 {is not as strong as it looks like as after} Nc5
13. Qc2 ({Doesn't work} 13. exf6 $2 Nxb3 14. fxg7 Nxa1 15. gxf8=Q+ Qxf8 $19 {
[%cal Ga1c2,Gb5b4,Gb4b3] with not sufficient compensation.}) 13... Nfd7 $1 (
13... Nd5 $143 $6 14. Ne4 $1 Na4 $8 {[%cal Gd5b4]} (14... Nxe4 $2 15. dxe4 $1 (
15. Qxc6 Nb4 16. Qxe4 Nc2+ 17. Kf1 Nxa1 18. d4 $16) 15... Nb4 16. Qc5 a5 17. a3
$18 {[%csl Rc6]}) 15. Qxc6 $140 $2 (15. a3 $142 $1 $14 {[%csl Rc6][%cal Gb2b3]
/+/-}) 15... Nb4 16. Qb7 Rb8 17. Qa7 Nc2+ 18. Kd1 Nxa1 $13) 14. d4 b4 $8 15.
Nb1 Be4 16. Qc4 Ne6 $13 {[%cal Gc7c5] Black gets counterplay with c5.}) 12...
e6 13. a4 $1 {Just in time.} ({Now} 13. e5 {is senseless in view of} Nd5) (13.
O-O {would be slow as after} Qe7 {Black is ready to meet} 14. a4 $6 {with} b4)
13... bxa4 ({An attempt to ignore the threat of ab doesn't work:} 13... Qe7 14.
axb5 axb5 15. Rxa8 Rxa8 16. Nd4 $1 $16 {[%csl Rb5]} Ra1+ $140 17. Bd1) (13...
Rb8 {[%cal Gb5b4] was interesting:} 14. axb5 axb5 (14... Bxb5 {is similar to
the game}) 15. Ba7 $5 Rb7 $1 (15... Ra8 $6 16. O-O $1 {[%cal Gc3b5,Gf3d4]}) (
15... b4 $2 16. Bxb8 bxc3 17. Ba7 cxb2 18. Rb1 $18) 16. Nd4 {[%csl Rc6]} Nb8 $1
{[]} 17. Bc5 Re8 18. Ra8 Qd7 19. O-O b4 $13) 14. Nxa4 Bb5 {I want to stabilize
position preventing on the way short castling.} (14... Qb8 $5 15. Qxb8 (15. Qc2
Qb4+ 16. Bd2 Qd6 {[%cal Gc6b5]}) 15... Rfxb8 {[%csl Rb2][%cal Gc6a4]} 16. Bd1
$1 $14 Bxa4 $140 17. Bxa4 Rxb2 18. e5 {[%csl Rd7,Rf6]} Nxe5 $8 19. Nxe5 Nd5 20.
d4 (20. Nc6 $5 Nxe3 21. fxe3 Rxg2 22. d4) 20... Nxe3 21. fxe3 Bxe5 22. dxe5
Rxg2 $140 $4 23. Bc6) 15. Nc3 {[%cal Ge1g1]} (15. Qc2 {[%cal Ge1g1] Looks
better leaving the knight on a4 where it's more active.}) (15. O-O $2 Nxe4 {
[%csl Re2]}) 15... c5 $1 {covering weaknesses on the queen side.} 16. O-O ({
Dubious} 16. Nxb5 $6 axb5 17. Rxa8 $6 Qxa8 18. Qxb5 $2 Rb8 19. Qc4 Rxb2) 16...
Rb8 17. Qa3 (17. Qc2 $5) 17... Re8 $1 {[%mdl 544] Positional sacrifice of a
pawn.} 18. Rfd1 {The sacrifice is understandably refused.} ({In case White
accept it Black gets strong compensation on the dark squares.} 18. Nxb5 axb5
19. Bxc5 Nxc5 20. Qxc5 Nd7 21. Qb4 Ne5 $1 $44 {[%csl Re2,Gg7]}) 18... Bf8 19.
Qa2 Qc7 20. Rac1 Qb7 {At this moment I felt Black should be OK,but after} 21.
Nd2 {I have commited decisive mistake.} Ne5 $2 {[%mdl 8192]} 22. Nxb5 $1 {
White has been waiting with this exchange for so long,that I had completely
forgotten it can be dangerous.} Qxb5 ({After} 22... axb5 23. Bxc5 {White is
just a pawn up.}) 23. d4 $1 {[%csl Rb5,Re5] Now my position is lost
strategically.} Qxe2 (23... Nd3 {was probably the last chance to complicate
the position,but after cool} 24. Ra1 $1 {Black is in trouble.} (24. Rc3 $2 Qxb2
$1)) 24. dxe5 Nd7 25. Nc4 $16 {[%csl Ra6,Rc5,Rd6,Rd7] Now everything is clear.}
Nb6 26. Rd2 Qh5 27. Nd6 Red8 (27... Bxd6 28. exd6 Nd7 29. Qxa6 {also doesn't
leave many hopes.}) 28. f4 {Another solid move.Weaknesses on the queen side
are undefencible.} (28. Rxc5 $5 Nd7 29. Nxf7 $1 Kxf7 (29... Nxc5 30. Nxd8 Nb3
31. Rd7 $18 {[%csl Ra6,Re6]}) 30. Rc7 Qxe5 31. Rcxd7+ Rxd7 32. Rxd7+ Kg8 33.
Qxa6 {was interesting but not necessary.}) 28... Nd7 (28... g5 $5) 29. Qxa6 g5
$138 (29... Rb3 {would leave more practical chances.} 30. Rc3 $5 (30. Nb7 $6
Rb8 31. Rxd7 Rxe3 {with some counterplay.}) (30. Nc4 $5)) 30. Nb7 $1 $18 gxf4
31. Bxf4 (31. Nxd8 $5 Rxd8 (31... fxe3 32. Rxd7 Rxb2 33. Rxf7) 32. Bxf4 Nb8 33.
Qb5 Rxd2 34. Bxd2 Qxe5 35. Bc3 $5 $18) 31... Qh4 (31... Bh6 {doesn't help:} 32.
Bxh6 Qxh6 33. Rcd1 $1) 32. g3 Qxh3 (32... Qe7 33. Rcd1 $1 $18) 33. Nxd8 c4 {
[%cal Gf8c5]} (33... Rxd8 34. Qb5 $18 {[%csl Rd7]}) 34. Rxc4 Rxd8 35. Qa7 Rb8
36. Qxd7 Rb3 37. Rc8 {[%cal Gc8f8]} 1-0

[Event "Leonid Stein Memorial-B"]
[Site "Lvov"]
[Date "2000.05.12"]
[Round "1"]
[White "Chernin, Alexander"]
[Black "Atalik, Suat"]
[Result "1-0"]
[WhiteElo "2583"]
[BlackElo "2575"]
[Annotator "Mikhalevski,V"]
[PlyCount "121"]
[EventDate "2000.05.12"]
[EventType "tourn"]
[EventRounds "10"]
[EventCountry "UKR"]
[EventCategory "10"]
[SourceTitle "CBM 077"]
[Source "ChessBase"]
[SourceDate "2000.07.27"]
[SourceVersion "1"]
[SourceVersionDate "2000.07.27"]
[SourceQuality "1"]

1. c4 Nf6 2. Nc3 d5 3. cxd5 Nxd5 4. Nf3 g6 5. g3 Bg7 6. Bg2 Nc6 7. O-O Nb6 8.
d3 O-O 9. Be3 e5 10. Qd2 Re8 11. Bg5 (11. Bh6 {is much more popular}) 11... f6
12. Bh6 Bxh6 $146 (12... Bh8 13. h4 Ne7 14. d4 Nf5 15. dxe5 Nxh6 16. Qxh6 Bg7
17. Qc1 fxe5 18. Ng5 $14 {Zhachev,A-Beshukov,S/Moscow 1990/TD/1-0 (41)}) (12...
Nd4 13. Bxg7 Kxg7 14. Ne1 c6 $11 {Suba,M-Ermenkov,E/Graz 1972/MCD/0-1 (75)})
13. Qxh6 Nd4 14. Rac1 Be6 15. Nxd4 exd4 16. Ne4 Bd5 ({After greedy} 16... Bxa2
{White obtains strong initiative:} 17. h4 $1 {[%csl Rf6][%cal Gh4h5]} (17. Nc5
Rxe2) 17... c6 18. h5 Bf7 19. f4 $1 {[%csl Rf6][%cal Gf4f5]} Nd5 20. hxg6 Bxg6
(20... hxg6 21. f5 g5 22. Nxg5 fxg5 23. f6 Nxf6 24. Rxf6 $18) 21. f5 Bf7 22.
Rc5 {[%cal Gc5d5]} (22. Kf2 Ne3 $1 {[%csl Rf2,Rh6][%cal Ge3g4]} (22... Re5 23.
g4 $1 (23. Bf3 Rxf5 24. Rh1 Bg6) 23... Ne3 24. Bf3 Rxe4 25. dxe4 Nxf1 26. Rxf1
$13) 23. Bf3 (23. Nxf6+ $2 Qxf6 24. Qxf6 Ng4+ {[%csl Rf2,Rf6]}) 23... Rxe4 $1
24. dxe4 (24. Rh1 $2 Re5 $19) 24... Nxf1 25. Rxf1 Qe7 26. Rh1 Bb3 27. e5 $1 $36
{[%csl Rg8]}) (22. Rf4 $5 {[%mdl 64]} Nxf4 23. Nxf6+ Qxf6 24. Qxf6 Nxe2+ 25.
Kh2 Nxc1 26. Qg5+ $13 {[%csl Rc1,Rg8]}) 22... Kh8 (22... Rf8 23. Rf4 Kh8 (23...
Nxf4 24. Nxf6+ Qxf6 25. Qxf6 Nxg2 26. Qxd4 $1 {[%csl Rg2]} Ne1 27. Qg4+ Kh8 28.
Qb4 $1 $18 {[%csl Re1,Rh8]}) 24. Rg4 Rg8 25. Rxd5 Bxd5 26. Nxf6 Qe7 27. Nxg8 (
27. Rh4 Rg7 (27... Qe3+ $4 28. Qxe3 dxe3 29. Rxh7#) 28. Nxd5 Qxe2 {[%csl Rg3]
[%cal Ge2e1,Ge1g3]}) (27. Nxh7 Qe3+ $1 (27... Qxh7 28. Qf6+ Rg7 29. Rh4))) 23.
Rxd5 Bxd5 24. Nxf6 Re7 25. Nxd5 cxd5 26. Qf6+ Rg7 (26... Kg8 27. Bxd5+ $1 {
[%csl Re7]}) 27. Qxd4 $36) 17. h4 {[%csl Rf6][%cal Gh4h5]} f5 18. Ng5 Re7 19.
h5 Qf8 (19... Bxg2 $5 20. Kxg2 ({Intermediate} 20. hxg6 $2 {is refuted by} Bd5
({but not} 20... Bxf1 $4 21. gxh7+ Kh8 22. Qf6+ Rg7 23. Nf7+ $18 {[%csl Rd8,
Rh8]})) 20... Qf8 {is similar to the game}) 20. Qxf8+ Rxf8 21. hxg6 hxg6 22.
Rfe1 (22. Bxd5+ Nxd5 23. Rfe1 $14 {[%csl Rd4]}) 22... Rfe8 $6 {Probably this
natural move is an inaccuracy.The rook has nothing to do on e8.} (22... Rd8 $5
{[%cal Gd8d4] supporting the weakness on d4.}) 23. Bxd5+ $1 {Inviting the
knight to close the d-file in order to make defending of the d4-pawn more
difficult.} Nxd5 24. Kf1 $14 {[%csl Rd4]} b6 $2 {[%csl Rc6][%cal Gc7c5][%mdl
16384] This is already a serious position mistake.Black weakens the c6-square
putting himself in very unpleasant situation.} (24... Rd8 $142 {It's better
later than never!}) 25. Rc6 {[%csl Rc7,Rd4,Rg6]} Kg7 {[%csl Re1][%cal Gd5b4,
Gb4d3]} 26. a3 $1 f4 (26... Rh8 {was worth a try:} 27. Kg2 Rhe8 28. Rh1 $1 {
[%csl Rg6][%cal Gh1h7]} (28. Kf3 $143 Kh6 $1 29. Nh3 Re6 {[%cal Gg6g5]}) 28...
Nf6 $8 29. Rh4 $1 {[%csl Rd4]} (29. Kf3 $5 Rxe2 30. Rxc7+ R2e7 $14) 29... Rxe2
30. Rxc7+ R8e7 31. Rxe7+ Rxe7 32. Rxd4 Re2 {with some counterchances}) 27. g4
$1 f3 $5 {An interesting resource.Black is looking for escape in the rook
endgame saying"All rook endings are drawish!".} ({Now} 27... Rh8 {doesn't work}
28. Kg2 Rhe8 29. Rh1 {[%csl Rg6][%cal Gh1h7]} Nf6 $8 30. Kf3 $1 Rxe2 31. Rxc7+
R8e7 32. Rhc1 $1 (32. Rxe7+ Rxe7 33. Kxf4 Re2) 32... Nd5 33. Rxe7+ Rxe7 34. Rc6
$16 {[%csl Rd4,Rf4][%cal Gg5e6]}) 28. Nxf3 Nf4 29. Nxd4 Nxd3 30. Ne6+ $1 (30.
Rd1 Ne5 {[%csl Rc6,Rg4]} 31. Rc2 c5) 30... Rxe6 31. Rxe6 (31. Rxc7+ $4 Kf6)
31... Rxe6 32. exd3 {[%mdl 4096]} Rc6 {[%cal Gg6g5]} 33. f4 $1 {[%cal Gf1f2]
Preventing g5.} Kf6 34. Kf2 Rc2+ 35. Re2 Rc1 36. Re1 Rc2+ 37. Re2 Rc1 38. Kf3
Rf1+ 39. Ke4 g5 (39... c5 $5) 40. fxg5+ Kxg5 41. d4 $1 {[%csl Rc7]} Kxg4 42.
Rg2+ {White is better thanks to the active king.} Kh3 $6 {Black moves his king
away with no need.} ({Better was} 42... Kh5 $142 {keeping some chances for
escape.}) 43. Rg7 Rc1 {[%cal Ga7a5]} 44. b4 $1 a6 45. a4 $5 {[%cal Gb4b5]} Rc4
46. b5 Rxa4 47. Rxc7 $1 {Black king is too far away and White is staking on
his d-pawn.} (47. bxa6 $2 c5 $11 {[%cal Gc5d4,Gb6b5]}) 47... axb5 48. Ke5 $18
Rc4 (48... b4 49. d5) 49. Rb7 Rc1 50. Rxb6 Re1+ ({In case of} 50... Rb1 51. d5
b4 {The d-pawn supported by his king is quicker.} (51... Kg4 52. d6 Re1+ 53.
Kf6 Rf1+ 54. Ke7 Re1+ 55. Kd8 $18) 52. d6 b3 53. d7 Re1+ 54. Kd6 Rd1+ 55. Kc7
Rc1+ 56. Kb8 Rd1 57. Rxb3+ $18 {[%csl Rh3]}) 51. Kd5 ({Why not} 51. Kd6 $5)
51... Kg4 (51... Rb1 52. Kc5 Kg4 53. Rxb5) 52. Rxb5 Kf5 53. Kd6+ Kf6 54. d5 Ra1
({An attempt to bring the king closer doesn't help:} 54... Kf7 55. Rb7+ Ke8 56.
Rb8+ Kf7 57. Kc6 $1 Rc1+ 58. Kd7 Ra1 59. d6 Ra7+ 60. Kc6 Ra6+ 61. Kc7 Ra7+ 62.
Rb7 Ra8 {with the very last trap} 63. Rb1 $1 ({But not} 63. d7 $4 Ke7 $11)
63... Ra7+ 64. Kb6 Ra2 65. Re1 $1 {[%csl Gd6,Rf7] Cutting Black's king.} Rd2
66. Kc7 Rc2+ 67. Kd8 $18) (54... Rd1 55. Rb2 $1 {[%cal Gb2e2]}) 55. Rb2 $1 Ra6+
(55... Kf7 56. Re2 $1 {Black king is on the long side that doesn't allow to
attack white king.} Ra5 (56... Ra6+ 57. Kc7 {This side is too short.}) 57. Kc6
Ra6+ 58. Kc7 ({Inaccurate} 58. Kb7 $4 {leads to a draw:} Rd6 59. Re5 (59. Rd2
Ke7 60. Kc7 Rd7+ $11) 59... Kf6 60. Rh5 Ke7 61. Kc7 Rd7+ 62. Kc6 Rd6+ 63. Kc5
Ra6 $1 $11 ({But not} 63... Rg6 $4 64. d6+ $1 Kd7 65. Rh7+ Kd8 66. Kc6 $18))
58... Ra7+ 59. Kb6 Ra8 (59... Rd7 60. Kc6 Ra7 61. d6 $18) 60. d6 $18) 56. Kc7
$1 Ke5 (56... Ra7+ {was more stubborn,but couldn't save:} 57. Rb7 (57. Kc6 Ra6+
(57... Ke7 58. d6+ Kd8 $140 59. Rb8#) 58. Kc7 (58. Rb6 Ra7 59. Rb8 Ra6+ 60. Kb5
Ra1 61. Re8 $1)) 57... Ra8 58. Kd7 (58. d6 $4 Ke6 59. d7 Ke7 $11) (58. Rb6+ Kf7
59. d6 Ra7+ 60. Rb7 (60. Kc6 Ke6 $11) 60... Ra8 61. Rb1 Ra7+ 62. Kb6 Ra2 63.
Re1 $1 $18) 58... Ke5 59. d6 Kf6 60. Rb1 Ra7+ 61. Kc8 Ra8+ (61... Ke6 62. d7
Ra8+ 63. Kb7 Rd8 64. Kc6 $18) 62. Kb7 Ra2 63. Rd1 Rb2+ 64. Kc8 Rc2+ 65. Kd8 $18
) 57. Rd2 (57. d6 $5 {was also sufficient for a win:} Ra7+ 58. Kb6 $1 (58. Kc6
Ra6+ 59. Kc5 $4 (59. Kc7 Ra7+ 60. Kb6 $1 {see 58.Kb6} Rd7 61. Kc5 $1 $18 {
[%cal Gb2e2]}) 59... Ke6 $11)) 57... Ra7+ 58. Kb6 Ra8 (58... Rd7 59. Kc6 $1
Rd6+ 60. Kc5 Rd8 61. Re2+ $18) 59. d6 Ke6 60. d7 Ke7 61. Kb7 (61. Kb7 Rh8 (
61... Rd8 62. Kc7 $22) 62. Kc7 Rd8 63. Re2+) 1-0

[Event "EU-ch 1st"]
[Site "Saint Vincent"]
[Date "2000.07.04"]
[Round "2"]
[White "Krasenkow, Michal"]
[Black "Mikhalevski, Victor"]
[Result "1-0"]
[WhiteElo "2702"]
[BlackElo "2532"]
[Annotator "Mikhalevski,V"]
[PlyCount "31"]
[EventDate "2000.07.03"]
[EventType "swiss"]
[EventRounds "11"]
[EventCountry "ITA"]
[SourceTitle "CBM 078"]
[Source "ChessBase"]
[SourceDate "2000.10.18"]
[SourceVersion "1"]
[SourceVersionDate "2000.10.18"]
[SourceQuality "1"]

1. Nf3 Nf6 2. c4 g6 3. Nc3 d5 4. Qa4+ Bd7 5. Qb3 dxc4 6. Qxc4 a6 7. e4 $5 {
After the game Gelfand-Svidler,Haifa 2000 this move becomes a serious problem
for Black.In the recent Europe-ch 1-st I tried to defend Black's position,but
lost both games.See current game and also Smirin-Mikhalevski/CBM 78
[Mikhalevski,V]} ({In the earlier games White tried other moves:} 7. d4 {
Lautier-Bacrot,Chess Masters 3-rd 1999/CBM70[Lautier;Mikhalevski,V]}) (7. g3 {
Topalov-Svidler,Dos Hermanas 1999/CBM71[Mikhalevski,V]}) 7... b5 (7... Bc6 $6
8. d3 $1 Bg7 9. Be2 O-O 10. h3 b5 11. Qb3 Nbd7 12. Be3 e6 13. a4 $1 $14 {
1-0 Smirin,I-Mikhalevski,V/Saint Vincent ITA 2000/CBM78[Mikhalevski,V] (37)})
8. Qe2 Nc6 $6 $146 {Too risky to be true.The idea of this move is Anti-Human.
Black wins an exchange,but places his knight on a1 and hopes to rescue it with
the help of b4-b3 or sacrificing it for two pawns opening the position of
White's king.} (8... c5 $5 9. e5 Nh5 10. Ne4 Nc6 11. Nxc5 Bf5 12. d3 e6 13. Ne4
Bb4+ 14. Bd2 Nf4 15. Qe3 Nd5 16. Qh6 Bf8 17. Nd6+ Qxd6 18. exd6 Bxh6 19. Bxh6
$14 {1-0 Gelfand,B-Svidler,P/Haifa ISR 2000 (55)}) (8... b4 $5 9. e5 $1 bxc3
10. exf6 $13 {Tsesarsky-Kanstler,Israel 2000.You can find it in the Informant
78.}) 9. e5 {Most logical.Certainly White accepts the challenge that wasn't
difficult to predict as other moves don't promise much.} (9. d4 $6 Bg4 {
[%csl Rd4]}) 9... Nb4 {The point of previous move.} 10. exf6 $1 {Computer
wouldn't choose this move,but Krasenkow is not a computer!} (10. d3 {is too
careful:} Bf5 11. Qd2 (11. exf6 $2 Nxd3+) 11... Nfd5 (11... Ng4 {[%csl Rd3]
[%cal Gf8h6] looks dangerous in view of} 12. h3 (12. Nxb5 e6 $1) {but after}
12... Nh6 (12... Bxd3 13. hxg4 Nc2+ 14. Kd1 Bxf1 15. Rxf1 Nxa1 $13 {/+/-}) (
12... Bh6 13. Qd1 Bxd3 14. hxg4 Nc2+ 15. Qxc2 Bxc2 16. Bxh6 b4 17. Ne2 $14 {
/+/-}) 13. Nxb5 $1 c5 14. Nbd4 Qa5 $1 $13 {Black has his chances.})) 10... Nc2+
11. Kd1 Nxa1 12. b3 $1 {[%cal Gc1b2]} (12. b4 $6 {would allow to create
counterplay on the queen side:} e6 (12... Bf5 $2 13. Bb2 Nc2 14. g4 $1 Bxg4 15.
Kxc2 e6 $140 16. Qxb5+ $1 axb5 17. Bxb5+ Qd7 18. Bxd7+ Kxd7 19. Ne5+ Ke8 20.
Nxg4 $18) 13. Bb2 a5 $1 $132 {That's why Whites shouldn't play b4.}) 12... Bf5
$2 {[%mdl 8192] Simple tactical blunder which leads to immediate disaster.} (
12... Be6 {[%cal Ga1b3] was necessary and the position is still not so clear.}
13. Bb2 Nxb3 14. axb3 Bxb3+ 15. Ke1 (15. Kc1) 15... e6 16. Nxb5 $140 Bd5 $1 (
16... Rb8 $5 17. Qe5 (17. Nc3 Bd5 $132) 17... Rb7 18. Nbd4 $140 $6 (18. Na3 $5)
(18. Nc3 $5) 18... Bd5 19. Bxa6 $1 Rb6 (19... Rxb2 20. Nxe6 $1 Rb1+ $1 21. Ke2
fxe6 22. Rxb1 Bd6 23. f7+ Ke7 $1 $13 (23... Kxf7 $4 24. Ng5+ Kg8 25. Qxh8+ $1
Kxh8 26. Nf7+ $18 {[%csl Rd8,Rh8]})) 20. Bb5+ c6 21. Bxc6+ Bxc6 22. Nxe6 Qd6 $1
23. Ng7+ Kd8 $8 $13)) 13. Bb2 Nc2 (13... Nxb3 14. axb3 Be6 {was more stuborn.})
14. g4 $1 $18 {Instead of taking a and b-pawns for the knight I capture only
an unsignifical pawn on g4.} Bxg4 15. Kxc2 e6 $2 {[%mdl 8192] Another blunder.}
(15... Qd7 {would leave some practical chances while the text loses at once.})
16. Qxb5+ $1 {An awful game from my point of view and an easy win for
Krasenkow who needn't be 2700-player to win it.} (16. Qxb5+ $1 axb5 17. Bxb5+
Qd7 18. Bxd7+ Kxd7 19. Ne5+ {[%csl Rd7,Rg4]}) 1-0